| 000 | nam a22 7a 4500 | ||
|---|---|---|---|
| 999 |
_c28150 _d28150 |
||
| 008 | 170220b xxu||||| |||| 00| 0 eng d | ||
| 050 | _aQA 152.3 .R43 2004 | ||
| 100 | _aRedden, John | ||
| 245 |
_aElementary Algebra / _cJohn Redden . |
||
| 260 |
_aSan Franscisco : _bFlat World Knowledge , |
||
| 300 |
_a642p. : _bill. ; |
||
| 500 | _aincludes index | ||
| 650 | _2Algebra | ||
| 942 |
_2lcc _cBOOKS _hQA 152.3 .R43 2004 |
||